| 000 | 00384nam a2200133 a 4500 | ||
|---|---|---|---|
| 999 |
_c9576 _d9576 |
||
| 100 | 1 | _aSachdeva, T. N. | |
| 245 | 1 | 0 | _aHistory of Economic Thought: full view at a glance |
| 250 | _a5th edition | ||
| 260 |
_a[S.l.] : _bSudha Publications, _c1973. |
||
| 300 | _a430 p. | ||
| 650 | _aEconomics | ||
| 856 | 4 | 0 | _uhttp://www.amazon.com/exec/obidos/ASIN/B0007BPZP2/chopaconline-20 |
| 942 | _cBK | ||